Micropolar Theory of Elasticity

The monograph "Micropolar Theory of Elasticity" is devoted to the asymmetric theory of elasticity and thermoelasticity, aiming at researchers and postgraduate students in solid mechanics and applied mathematics, as well as mechanical engineers. It offers various new results including the b...

Full description

Bibliographic Details
Main Author: Dyszlewicz, Janusz (Author, http://id.loc.gov/vocabulary/relators/aut)
Corporate Author: SpringerLink (Online service)
Format: Electronic eBook
Language:English
Published: Berlin, Heidelberg : Springer Berlin Heidelberg : Imprint: Springer, 2004.
Edition:1st ed. 2004.
Series:Lecture Notes in Applied and Computational Mechanics, 15
Subjects:
Online Access:Full Text via HEAL-Link
LEADER 04440nam a2200577 4500
001 978-3-540-45286-7
003 DE-He213
005 20191027191449.0
007 cr nn 008mamaa
008 121227s2004 gw | s |||| 0|eng d
020 |a 9783540452867  |9 978-3-540-45286-7 
024 7 |a 10.1007/978-3-540-45286-7  |2 doi 
040 |d GrThAP 
050 4 |a TJ1-1570 
072 7 |a TGB  |2 bicssc 
072 7 |a TEC009070  |2 bisacsh 
072 7 |a TGB  |2 thema 
082 0 4 |a 621  |2 23 
100 1 |a Dyszlewicz, Janusz.  |e author.  |4 aut  |4 http://id.loc.gov/vocabulary/relators/aut 
245 1 0 |a Micropolar Theory of Elasticity  |h [electronic resource] /  |c by Janusz Dyszlewicz. 
250 |a 1st ed. 2004. 
264 1 |a Berlin, Heidelberg :  |b Springer Berlin Heidelberg :  |b Imprint: Springer,  |c 2004. 
300 |a XV, 345 p.  |b online resource. 
336 |a text  |b txt  |2 rdacontent 
337 |a computer  |b c  |2 rdamedia 
338 |a online resource  |b cr  |2 rdacarrier 
347 |a text file  |b PDF  |2 rda 
490 1 |a Lecture Notes in Applied and Computational Mechanics,  |x 1613-7736 ;  |v 15 
505 0 |a 1. Three-dimensional problems -- 1.1 Displacement-rotation equations of elastodynamics and coupled thermoelasticity -- 1.2 Displacement-rotation and stress equations of elastostatics and thermoelastostatics -- 2. Axially-symmetric problems -- 2.1 The first axially-symmetric problem. Elastodynamics -- 2.2 The first axially-symmetric problem. Elastostatics and thermoelastostatics -- 2.3 The second axially-symmetric problem. Elastodynamics -- 2.4 The second axially-symmetric problem. Elastostatics -- 3. Two-dimensional problems -- 3.1 The first problem of plane strain state. Elastodynamics 217 3.1.1 Equations in displacements and rotations with a field of body loadings -- 3.2 The first problem of plane strain state. Elastostatics -- 3.3 The second problem of plane strain state. Elastodynamics -- 3.4 The second problem of plane strain state. Elastostatics -- 4. Hemitropic medium -- 4.1 Vector equations. Elastodynamics -- 4.2 Three-dimensional problems. Elastostatics -- 4.3 One-dimensional problems of elastostatics and thermoelastostatics -- 4.4 Remarks and conclusions concerning vector equations -- References -- Author Index. 
520 |a The monograph "Micropolar Theory of Elasticity" is devoted to the asymmetric theory of elasticity and thermoelasticity, aiming at researchers and postgraduate students in solid mechanics and applied mathematics, as well as mechanical engineers. It offers various new results including the basic field equations, general methods of integration of basic equations, formulations of problems, as well as solutions to particular problems. The presented general solutions cover those of Galerkin, Green-Lamé and Papkovitch-Neuber type, whereas the formulations include the displacement-rotation problems as well as pure stress problems of asymmetric elastodynamics. Solutions to stationary 3D and 2D problems for a half-space, and singular solutions to 3D and 2D asymmetric elastodynamics and the thermoelasto-dynamics problems for an infinite space are given. 
650 0 |a Mechanical engineering. 
650 0 |a Mechanics. 
650 0 |a Mechanics, Applied. 
650 0 |a Applied mathematics. 
650 0 |a Engineering mathematics. 
650 1 4 |a Mechanical Engineering.  |0 http://scigraph.springernature.com/things/product-market-codes/T17004 
650 2 4 |a Theoretical and Applied Mechanics.  |0 http://scigraph.springernature.com/things/product-market-codes/T15001 
650 2 4 |a Solid Mechanics.  |0 http://scigraph.springernature.com/things/product-market-codes/T15010 
650 2 4 |a Classical Mechanics.  |0 http://scigraph.springernature.com/things/product-market-codes/P21018 
650 2 4 |a Applications of Mathematics.  |0 http://scigraph.springernature.com/things/product-market-codes/M13003 
650 2 4 |a Mathematical and Computational Engineering.  |0 http://scigraph.springernature.com/things/product-market-codes/T11006 
710 2 |a SpringerLink (Online service) 
773 0 |t Springer eBooks 
776 0 8 |i Printed edition:  |z 9783642075285 
776 0 8 |i Printed edition:  |z 9783540418351 
776 0 8 |i Printed edition:  |z 9783642536359 
830 0 |a Lecture Notes in Applied and Computational Mechanics,  |x 1613-7736 ;  |v 15 
856 4 0 |u https://doi.org/10.1007/978-3-540-45286-7  |z Full Text via HEAL-Link 
912 |a ZDB-2-ENG 
912 |a ZDB-2-BAE 
950 |a Engineering (Springer-11647)